000 00815nam a22002177a 4500
999 _c12910
_d12910
003 AR-CdUCM
008 190410b ||||| |||| 00| 0 spa d
040 _aMUNICIPALIDAD PROVINCIAL DEL CUSCO
_cBIBLIOTECA MUNICIPAL DEL CUSCO
082 _a922 /
_bP78
100 _aRomero, Emilio
_91531
245 _aEl santo de las escobas :
_bFray Martín de Porras /
260 _aLima :
_bJuan Mejía Baca,
_c1959.
300 _a155 páginas ;
_c21 cm.
440 _aColección de la kantuta
_931038
505 _aContenido : Un paisaje para la santidad -- Una ciudad de santas y beatos -- Toribio estudiante de Salamanca -- Tayta Turibio -- Los concilios y la primera imprenta ...
650 _aHistoria
_9136
650 _aSociedad
_953
650 _aLimeña
_914921
942 _2ddc
_cLIBROS
945 _arah
_d10/04/2019